000 00553nam a22002057a 4500
003 OSt
005 20231018123208.0
008 150330b xxu||||| |||| 00| 0 eng d
020 _a0443052530
040 _cDNLM
082 _aWP 100 O7 1995
100 _aEdited by John, Bonnar.
_916792
245 _aObstetrics and Gynaecology
260 _aLondon;
_bChurchill LivingStone,
_c1995.
300 _ax, 207 p :
_bill;
_c25 cm.
504 _aIncludes references and index.
650 _aObstetrics
_95
650 _aGynaecology.
_9330
942 _2z
_cSLOAN
999 _c1307
_d1307